Every Dragon Ball Arc - Statistics

General Stats
  • This quiz has been taken 230 times
  • The average score is 16 of 26
Answer Stats
Hint Answer % Correct
Dragon Ball Z Cell Saga
94%
Dragon Ball Z Buu Saga
92%
Dragon Ball Z Namek Saga
92%
Dragon Ball Z Saiyan Saga
88%
Dragon Ball Tournament Saga
81%
Dragon Ball Super Beerus Saga
75%
Dragon Ball Emperor Pilaf Saga
75%
Dragon Ball Super Movie Broly Saga
74%
Dragon Ball Super Goku Black Saga
72%
Dragon Ball Super Tournament of Power Saga
72%
Dragon Ball Piccolo Jr Saga
67%
Dragon Ball GT Baby Saga
61%
Dragon Ball Demon King Piccolo Saga
60%
Dragon Ball Super Universe 6 Saga
60%
Dragon Ball Super Manga Moro Saga
59%
Dragon Ball Super Resurrection F Saga
59%
Dragon Ball Super Movie Superhero Saga
57%
Dragon Ball Super Manga Granola Saga
54%
Dragon Ball Red Ribbon Army Saga
53%
Dragon Ball GT Shadow Dragon Saga
53%
Dragon Ball Z (Filler) Garlic Jr Saga
48%
Dragon Ball GT Super 17 Saga
45%
Dragon Ball Fortuneteller Baba Saga
35%
Dragon Ball GT Black Star Dragon Ball Saga
34%
Dragon Ball Z (Filler) Otherworld Tournament Saga
27%
Dragon Ball Super (Filler) Planet Pot-au-Feu Saga
7%
No matching quizzes found
Score Distribution
Percent of People with Each Score
Percentile by Number Answered
Your Score History
You have not taken this quiz